Marta Colvin

Na minha lista:
Detalhes bibliográficos
Formato: Livro
Idioma:espanhol
Publicado em: Santiago Museo Nacional de Bellas Artes 1994
Assuntos:
Tags: Adicionar Tag
Sem tags, seja o primeiro a adicionar uma tag!

MARC

LEADER 00000nam a2200000 a 4500
001 UCK0156
003 CL-VaPUC
008 040915e19940000CL |||||||||||||||||spa|d
082 0 4 |a 735.23  |b MAR  |2 21 
245 1 0 |a Marta Colvin 
300 |a 42 p 
942 |c BK 
945 |d 20040915 00:00:00  |a cmena 
260 |a Santiago  |b Museo Nacional de Bellas Artes  |c 1994 
650 7 |a ESCULTORES CHILENOS  |2 CL-VaPUC  |9 464635 
650 0 |a Artistas chilenos  |9 344566 
650 0 |a Escultura chilena   |9 376592 
583 |a last modification  |c 20040915 00:00:00  |k Rodrigo Vera 
999 |c 310647  |d 310645 
952 |0 0  |1 0  |4 0  |6 735_230000000000000_MAR_1994  |7 0  |8 R  |9 379526  |a BIBART  |b BIBART  |d 2019-11-21  |i 4061039  |l 1  |o 735.23 MAR 1994  |p 4061039  |r 2025-03-13  |s 2022-06-06  |w 2019-11-21  |y BK_R  |k ART